| 000 | 01073cam a22003015a 4500 | ||
|---|---|---|---|
| 001 | 2153920 | ||
| 005 | 20171225141144.0 | ||
| 008 | 981208s1996 ja a frb 001 0 eng d | ||
| 020 | _a4770020546 | ||
| 020 | _a9784770020543 | ||
| 040 |
_aUKM _cUKM _dKUK _dMnU _dCaVBaU _dDLC-R _dEG-ScBUE _beng |
||
| 043 | _aa-ja--- | ||
| 082 | 0 | 4 |
_222 _a200.952 _bREL |
| 245 | 0 | 0 |
_aReligion in Japanese culture : _bwhere living traditions meet a changing world / _cedited by Noriyoshi Tamaru and David Reid. |
| 250 | _a1st ed. | ||
| 260 |
_aTokyo ; _aNew York : _bKodansha International, _c1996. |
||
| 300 |
_a238 p. : _bill. ; _c23 cm. |
||
| 500 | _aPart 1 is a rev. ed. of: Japanese religion. 1972. | ||
| 504 | _aIncludes bibliographical references anf index. | ||
| 505 | 0 | _apart 1. A survey - part 2. The religious situation today. | |
| 541 | _aDonation from Japan foundation. | ||
| 650 | _2BUEsh | ||
| 651 | 7 |
_aJapan _xReligion. _2BUEsh |
|
| 653 |
_bGGEN _cDecember2017 |
||
| 700 | 1 |
_aTamaru, Noriyoshi, _d1931- _eeditor. |
|
| 700 | 1 |
_aReid, David, _d1927- _eeditor. |
|
| 942 | _2ddc | ||
| 999 |
_c25795 _d25767 |
||